000 01362cam a2200133 4500500
005 20251214002158.0
041 _afre
042 _adc
100 1 0 _aRichard, Denis
_eauthor
245 0 0 _aLe cannabis et sa consommation
260 _bArmand Colin,
_c2009.
520 _aLe cannabis, sous forme d’herbe comme de haschich, est une drogue dont l’usage abusif, très banal, expose à une toxicité désormais reconnue. Perturbant la vigilance et les performances, il peut être à l’origine d’accidents de la route ; induisant une perte d’élan vital, il peut être à l’origine d’une désinsertion sociale et scolaire. Plus encore, sa consommation massive peut entraîner une dépendance psychique comme physique et des troubles psychiatriques sévères. Les modalités d’usage actuelles du cannabis, le recours à des variétés plus concentrées en THC (le principe psychoactif de la plante), une consommation précoce, une fréquente association à l’alcool ou à des médicaments, expliquent les problèmes sanitaires et sociaux aigus posés par cette drogue. Ce petit ouvrage, très actualisé, est rédigé pour un large public concerné à titre personnel ou professionnel par cette toxicomanie au cannabis.
856 4 1 _uhttps://stm.cairn.info/le-cannabis-et-sa-consommation--9782200355814?lang=fr&redirect-ssocas=7080
999 _c1566778
_d1566778